000 02868nam a22003977a 4500
005 2010040902532.0
008 091029t xxu||||| |||| 00| 0 eng d
010 _aENG-96004 B-422856-865
020 _a9780070151390
_c295.00
020 _a100070151393
_c295.00
035 _aEN-79537 B-422856-865
037 _bDBAD/PUB
037 _bK.K.Pub/Ven
040 _aDPL
082 _a621.3822
100 _aKani, A Nagoor
_928384
245 _aSignals and systems /
_cby A. Nagoor Kani
260 _aNew Delhi
_bTata McGraw-Hill Education
_c2010
270 _a7, West Patel Nagar
_bNew Delhi
_e110008
300 _aVarious paging
_c24cm.(Pbk)
500 _aIncludes index
700 _aRanjan, Rakesh
_928385
942 _2ddc
_cEN
_mKAN
_h621.3822
999 _c35168
_d35168